「鷲」がつく駅(7件) - Statistics

General Stats
  • This quiz has been taken 2 times
  • The average score is 6 of 7
Answer Stats
Hint Answer % Correct
北海道 鷲別
100%
埼玉県 鷲宮
100%
埼玉県 東鷲宮
100%
静岡県 鷲津
100%
三重県 尾鷲
100%
福井県 鷲塚針原
50%
大阪府 高鷲
0%
No matching quizzes found
Score Distribution
Percent of People with Each Score
Percentile by Number Answered
Your Score History
You have not taken this quiz